000
00290nam a2200121Ia 4500
005
20251222155102.0
008
251222s9999||||xx |||||||||||||| ||spa||
082
_a
ESC. 04.1
100
_a
Serv. Medic.Pro-V (*)
245
0
_a
El Botiquin en la Comunidad
264
_b
Provida
942
_c
LIB
999
_c
37696
_d
37696